hawaii five-0 - Statistics

General Stats
  • This quiz has been taken 403 times
  • The average score is 6 of 9
Answer Stats
Hint Answer % Correct
who is the main character steve mcgarrett
87%
who is kono's cousin chin-ho kelly
82%
who is the main characters partner danny williams
80%
who is the main characters partners daughter grace williams
75%
who is the main characters arch enime wo fat
75%
who is the main characters mothers arch enime wo fat
75%
who is the main characters father john mcgarrett
61%
who is the main characters mother doris mcgarrett
58%
who is kono's husband adam norshimori
3%
No matching quizzes found
Score Distribution
Percent of People with Each Score
Percentile by Number Answered
Your Score History
You have not taken this quiz